ХХ съезд КПСС: новации и догмы

Bibliografiset tiedot
Päätekijä: Аксютин Ю. В. Юрий Васильевич
Muut tekijät: Волобуев О. В. Олег Владимирович
Yhteenveto:Исключено из фонда НТБ ТПУ
Kieli:venäjä
Julkaistu: Москва, Политиздат, 1991
Sarja:Политическая история XX века
Aineistotyyppi: Kirja
KOHA link:https://koha.lib.tpu.ru/cgi-bin/koha/opac-detail.pl?biblionumber=18517

MARC

LEADER 00000nam0a2200000 4500
001 18517
005 20231030191316.0
010 |a 5250005322 
035 |a (RuTPU)RU\TPU\book\18667 
035 |a BOOK00018736 
090 |a 18517 
100 |a 20011209d1991 k y0rusy50 ca 
101 0 |a rus 
102 |a RU 
105 |a y z 000zy 
200 1 |a ХХ съезд КПСС  |e новации и догмы  |f Ю. В. Аксютин, О. В. Волобуев 
210 |a Москва  |c Политиздат  |d 1991 
215 |a 224 с. 
225 1 |a Политическая история XX века 
333 |a Исключено из фонда НТБ ТПУ 
700 1 |a Аксютин  |b Ю. В.  |g Юрий Васильевич 
701 1 |a Волобуев  |b О. В.  |g Олег Владимирович 
801 0 |a RU  |b 63413507  |c 20011209  |g PSBO 
801 2 |a RU  |b 63413507  |c 20170120  |g PSBO 
942 |c BK